[Event "CAN-ch U14"]
[Site "Windsor"]
[Date "2010.07.07"]
[Round "3"]
[White "Itkin, David"]
[Black "Myers, Joshua"]
[Result "1-0"]
[WhiteElo "1966"]
[BlackElo "1498"]
[PlyCount "115"]
[EventDate "2010.07.06"]
[EventType "swiss"]
[EventRounds "7"]
[EventCountry "CAN"]
[SourceTitle "EXT 2012"]
[Source "ChessBase"]
[SourceDate "2011.11.24"]
[SourceVersion "1"]
[SourceVersionDate "2011.11.24"]
[SourceQuality "1"]

1. e4 c5 2. Nc3 e6 3. Nf3 Nc6 4. Bb5 Be7 5. Bxc6 dxc6 6. d3 Nf6 7. 0-0 0-0 8. Ne5 Qc7 9. f4 b6 10. Qf3 Ba6 11. Qg3 Rad8 12. b3 Nd7 13. Nf3 f5 14. Bb2 Nf6 15. Ng5 Bc8 16. Rae1 h6 17. Nh3 Ng4 18. Nf2 Nxf2 19. Rxf2 Bf6 20. e5 Be7 21. Rf3 Kh7 22. Qh3 Bd7 23. g4 g6 24. g5 h5 25. Ne2 Kg7 26. a4 b5 27. Ra1 Qb6 28. Kh1 c4 29. d4 c5 30. d5 Ra8 31. d6 Bd8 32. Kg1 Bc6 33. a5 Qb7 34. Rf2 cxb3 35. cxb3 a6 36. Qc3 Qa7 37. Ba3 Rc8 38. Qxc5 Qxc5 39. Bxc5 Bd5 40. b4 Bc4 41. d7 Rxc5 42. bxc5 Bc7 43. Nd4 Bd5 44. Rc2 Kf7 45. Kf2 Ke7 46. c6 Bc4 47. Ke3 Rb8 48. Rb1 Bd5 49. Rc5 Bc4 50. Nc2 Kd8 51. Rxc4 bxc4 52. Rxb8+ Bxb8 53. Na3 Ba7+ 54. Ke2 c3 55. Kd3 Bg1 56. Nc4 c2 57. Kxc2 Bxh2 58. Nd6 1-0

[Event "CAN-ch U14"]
[Site "Windsor"]
[Date "2010.07.06"]
[Round "2"]
[White "Myers, Joshua"]
[Black "Bacic, Andrew"]
[Result "1-0"]
[WhiteElo "1498"]
[BlackElo "1156"]
[PlyCount "57"]
[EventDate "2010.07.06"]
[EventType "swiss"]
[EventRounds "7"]
[EventCountry "CAN"]
[SourceTitle "EXT 2012"]
[Source "ChessBase"]
[SourceDate "2011.11.24"]
[SourceVersion "1"]
[SourceVersionDate "2011.11.24"]
[SourceQuality "1"]

1. e4 d5 2. exd5 Qxd5 3. Nc3 Qd8 4. f4 Nf6 5. Nf3 Nc6 6. Be2 Bf5 7. 0-0 e6 8. d4 Nb4 9. Ne1 Nc6 10. Be3 Qd7 11. Qd2 0-0-0 12. Rd1 g6 13. a3 Bg7 14. Na2 Ne4 15. Qc1 Qe7 16. c3 h6 17. b4 g5 18. a4 Bf6 19. a5 gxf4 20. Bxf4 Nxd4 21. cxd4 Bxd4+ 22. Be3 Qg5 23. Rxd4 Qh4 24. Rc4 c6 25. Rxc6+ Kb8 26. Bf4+ Ka8 27. a6 b6 28. Rc7 Rhg8 29. Qc6+ 1-0

[Event "CAN-ch U14"]
[Site "Windsor"]
[Date "2010.07.06"]
[Round "1"]
[White "Semianiuk, Konstantin"]
[Black "Myers, Joshua"]
[Result "1-0"]
[WhiteElo "2041"]
[BlackElo "1498"]
[PlyCount "77"]
[EventDate "2010.07.06"]
[EventType "swiss"]
[EventRounds "7"]
[EventCountry "CAN"]
[SourceTitle "EXT 2012"]
[Source "ChessBase"]
[SourceDate "2011.11.24"]
[SourceVersion "1"]
[SourceVersionDate "2011.11.24"]
[SourceQuality "1"]

1. e4 c5 2. Nf3 d6 3. Bb5+ Bd7 4. Bxd7+ Qxd7 5. c4 e6 6. d4 cxd4 7. Nxd4 Nf6 8. Nc3 Nc6 9. 0-0 Be7 10. Nc2 Rc8 11. b3 0-0 12. Ne3 a6 13. Bb2 Na7 14. Qd3 b5 15. Rfd1 Rfd8 16. a4 b4 17. Ne2 Qb7 18. Ng3 Rd7 19. Ra2 Rcd8 20. Ba1 a5 21. Rad2 Nc8 22. Qc2 Nb6 23. h3 Rc8 24. Qb2 Bf8 25. f3 Rcc7 26. Kh2 d5 27. cxd5 exd5 28. e5 Ne8 29. Nef5 Rc3 30. Ne2 g6 31. Nfd4 Re3 32. Nc2 Rxe5 33. f4 d4 34. fxe5 Bg7 35. Ncxd4 Bxe5+ 36. Kh1 Rd5 37. Qc2 Bc7 38. Qe4 Nf6 39. Qf3 1-0